[Event "zonal 1.7a"]
[Site "Vilnius LTU"]
[Date "1993.??.??"]
[Round "?"]
[White "Sokolovs, Andrejs"]
[Black "Malisauskas, Vidmantas"]
[Result "1/2-1/2"]
[WhiteElo "2480"]
[BlackElo "2570"]
[EventDate "1993.03.??"]
[PlyCount "130"]

1.c4 g6 2.Nc3 c5 3.Nf3 Bg7 4.g3 Nc6 5.Bg2 e5 6.O-O Nge7 7.Ne1 d6 8.Nc2 Be6
9.Ne3 a6 10.Ned5 Rb8 11.d3 O-O 12.a4 h6 13.Rb1 a5 14.f4 f5 15.Kh1 Kh7 16.
Be3 b6 17.Qd2 Nb4 18.Bg1 Nexd5 19.cxd5 Bd7 20.e4 Qc7 21.b3 Rbe8 22.Nd1 b5 
23.Ne3 bxa4 24.fxe5 Bxe5 25.exf5 gxf5 26.bxa4 Bd4 27.Rf4 Qd8 28.Rbf1 Qe7 
29.Nc4 Bxg1 30.Kxg1 Bxa4 31.Nxa5 Qe3+ 32.Qxe3 Rxe3 33.Nc4 Rxd3 34.Nxd6 Rd1
35.Rxd1 Bxd1 36.Nxf5 Bc2 37.Ne3 Rxf4 38.gxf4 Kg7 39.Kf2 Bb3 40.Be4 c4 41.
Nf5+ Kf6 42.Nd4 Ba4 43.Ne2 Bc2 44.Ke3 Bd3 45.Nc3 Nc2+ 46.Kd2 Nb4 47.Ke3 
Nc2+ 48.Kf3 Nd4+ 49.Kg4 h5+ 50.Kg3 Ne2+ 51.Nxe2 Bxe4 52.Nc3 Bh1 53.Kf2 Kf5
54.Ke3 h4 55.d6 Ke6 56.Nb5 Bc6 57.Nd4+ Kxd6 58.Nxc6 Kxc6 59.Kd4 Kb5 60.h3 
Kb4 61.f5 c3 62.f6 c2 63.f7 c1=Q 64.f8=Q+ Kb3 65.Qb8+ Ka2 1/2-1/2

[Event "zonal 1.7a"]
[Site "Vilnius LTU"]
[Date "1993.??.??"]
[Round "?"]
[White "Sokolovs, Andrejs"]
[Black "Novikov, Vitalij"]
[Result "1-0"]
[WhiteElo "2480"]
[BlackElo "2270"]
[EventDate "1993.03.??"]
[PlyCount "89"]

1.c4 e5 2.Nc3 Nc6 3.g3 g6 4.Bg2 Bg7 5.Rb1 a5 6.a3 f5 7.d3 Nf6 8.e3 O-O 9.
Nge2 Kh8 10.b4 axb4 11.axb4 Ne7 12.O-O c6 13.f4 d6 14.Kh1 Be6 15.Qd2 Bf7 
16.Bb2 exf4 17.gxf4 d5 18.c5 Ne8 19.Nd1 Nc7 20.Bxg7+ Kxg7 21.Qb2+ Kg8 22.
Nd4 Ne6 23.Nf2 Nc8 24.Nh3 Qf6 25.Nxe6 Qxb2 26.Rxb2 Bxe6 27.Ng5 Bd7 28.b5 
Re8 29.bxc6 Bxc6 30.Re1 Ra3 31.Rd2 d4 32.Bxc6 bxc6 33.e4 Rc3 34.Rde2 h6 
35.Nf3 Rxd3 36.Ne5 Rc3 37.exf5 gxf5 38.Rg1+ Kh7 39.Rb2 Re7 40.Nxc6 Rf7 41.
Rb8 Rc7 42.Nxd4 R7xc5 43.Ne6 Rc6 44.Rb7+ Kh8 45.Rbg7 1-0

[Event "zonal 1.7a"]
[Site "Vilnius LTU"]
[Date "1993.??.??"]
[Round "?"]
[White "Sokolovs, Andrejs"]
[Black "Rotsagov, Mihhail"]
[Result "1/2-1/2"]
[WhiteElo "2480"]
[BlackElo "2430"]
[EventDate "1993.03.??"]
[PlyCount "29"]

1.c4 c5 2.Nf3 Nf6 3.Nc3 d5 4.cxd5 Nxd5 5.g3 g6 6.Bg2 Bg7 7.O-O O-O 8.d4 
cxd4 9.Nxd4 Nxc3 10.bxc3 Nc6 11.Nxc6 bxc6 12.Ba3 Bxc3 13.Rc1 Bf6 14.Rxc6 
Rb8 15.Rxf6 1/2-1/2

[Event "zonal 1.7a"]
[Site "Vilnius LTU"]
[Date "1993.??.??"]
[Round "?"]
[White "Sokolovs, Andrejs"]
[Black "Zuravlovs, Valerijs"]
[Result "1/2-1/2"]
[WhiteElo "2480"]
[BlackElo "2485"]
[EventDate "1993.03.??"]
[PlyCount "101"]

1.e4 c5 2.Nf3 Nf6 3.e5 Nd5 4.Nc3 e6 5.Nxd5 exd5 6.d4 Nc6 7.dxc5 Bxc5 8.Bd3
d6 9.exd6 Qxd6 10.O-O O-O 11.a3 h6 12.b4 Bb6 13.Bb2 Rd8 14.c4 dxc4 15.Bxc4
Be6 16.Qxd6 Rxd6 17.Bxe6 Rxe6 18.Rfe1 Rxe1+ 19.Rxe1 Rd8 20.Kf1 Kf8 21.Ke2 
Rd5 22.Rc1 g5 23.Rc4 f5 24.g4 fxg4 25.Rxg4 Bd8 26.Re4 h5 27.h3 Kf7 28.Ne5+
Nxe5 29.Bxe5 a6 30.Bc3 Bc7 31.a4 b5 32.a5 Bd6 33.f3 Bf4 34.Bd4 Bd6 35.Bc3 
Rf5 36.Ke3 Be7 37.Ke2 Rd5 38.Bd2 Bf6 39.Be3 Bc3 40.Bc5 Rd7 41.Ke3 Bf6 42.
Ke2 Rd5 43.f4 Bd8 44.fxg5 Rxg5 45.Re3 Rg2+ 46.Kf3 Rd2 47.Ke4 Ke6 48.Kf4+ 
Kf7 49.Ke4 Ke6 50.Kf4+ Kf7 51.Ke4 1/2-1/2

[Event "zonal 1.7a"]
[Site "Vilnius LTU"]
[Date "1993.??.??"]
[Round "?"]
[White "Zuravlovs, Valerijs"]
[Black "Fridmans, Daniels"]
[Result "1/2-1/2"]
[WhiteElo "2485"]
[BlackElo "2380"]
[EventDate "1993.03.??"]
[PlyCount "54"]

1.e4 c6 2.d4 d5 3.exd5 cxd5 4.Bd3 Nc6 5.c3 Nf6 6.Bf4 Bg4 7.Qb3 Qd7 8.Nd2 
e6 9.Ngf3 Bxf3 10.Nxf3 Nh5 11.Be5 Be7 12.O-O O-O 13.Qc2 g6 14.Qd2 f6 15.
Bg3 Nxg3 16.hxg3 Rfe8 17.Rfe1 a6 18.Re2 Bf8 19.g4 Bg7 20.g5 f5 21.Qf4 Rad8
22.Rae1 Qd6 23.Qh4 Re7 24.a3 Rde8 25.Kf1 Kf7 26.Ne5+ Nxe5 27.Rxe5 Rh8 
1/2-1/2

[Event "zonal 1.7a"]
[Site "Vilnius LTU"]
[Date "1993.??.??"]
[Round "?"]
[White "Zuravlovs, Valerijs"]
[Black "Lanka, Zigurds"]
[Result "1/2-1/2"]
[WhiteElo "2485"]
[BlackElo "2545"]
[EventDate "1993.03.??"]
[PlyCount "40"]

1.e4 c5 2.Nf3 Nc6 3.d4 cxd4 4.Nxd4 Nf6 5.Nc3 d6 6.Bg5 e6 7.Qd3 a6 8.Rd1 
Bd7 9.Be2 h6 10.Bc1 Nxd4 11.Qxd4 Qc7 12.Rd3 b5 13.a3 Rc8 14.O-O Qc5 15.
Qxc5 Rxc5 16.Be3 Rc8 17.f3 Be7 18.Bf4 e5 19.Be3 O-O 20.Rd2 Be6 1/2-1/2

[Event "zonal 1.7a"]
[Site "Vilnius LTU"]
[Date "1993.??.??"]
[Round "?"]
[White "Zuravlovs, Valerijs"]
[Black "Malisauskas, Vidmantas"]
[Result "1/2-1/2"]
[WhiteElo "2485"]
[BlackElo "2570"]
[EventDate "1993.03.??"]
[PlyCount "29"]

1.e4 c6 2.d4 d5 3.Nc3 dxe4 4.Nxe4 Bf5 5.Ng3 Bg6 6.h4 h6 7.Nf3 Nd7 8.Bd3 
Bxd3 9.Qxd3 Ngf6 10.Bd2 e6 11.O-O-O Qc7 12.Ne4 Nxe4 13.Qxe4 Nf6 14.Qe2 
O-O-O 15.g3 1/2-1/2

[Event "zonal 1.7a"]
[Site "Vilnius LTU"]
[Date "1993.??.??"]
[Round "?"]
[White "Zuravlovs, Valerijs"]
[Black "Piesina, Gintautas"]
[Result "1-0"]
[WhiteElo "2485"]
[BlackElo "2395"]
[EventDate "1993.03.??"]
[PlyCount "111"]

1.e4 c5 2.Nf3 d6 3.d4 cxd4 4.Nxd4 Nf6 5.f3 Nc6 6.c4 Nxd4 7.Qxd4 g6 8.Nc3 
Bg7 9.Be3 O-O 10.Qd2 Qa5 11.Rc1 Be6 12.b3 Rfc8 13.Be2 a6 14.Nd5 Qxd2+ 15.
Kxd2 Nxd5 16.exd5 Bd7 17.a4 Bb2 18.Rc2 Ba3 19.Bd4 a5 20.h4 Bc5 21.Bc3 e5 
22.dxe6 Bxe6 23.h5 d5 24.hxg6 fxg6 25.Be5 Rd8 26.Ke1 Bf5 27.Ra2 d4 28.g4 
Bb1 29.Rb2 d3 30.Rxb1 Bb4+ 31.Kf2 dxe2 32.Kxe2 Rd2+ 33.Ke3 Rad8 34.Rh2 
Bc5+ 35.Ke4 R2d7 36.Rbb2 Re8 37.Rhd2 Rf7 38.Rd5 b6 39.f4 g5 40.fxg5 Bb4 
41.Rh2 Rf1 42.Re2 Rg1 43.Rd7 Bf8 44.Kf3 Rf1+ 45.Kg2 Rc1 46.Re3 Rb1 47.Rdd3
Bc5 48.Bd4 Rf8 49.Bxc5 Rb2+ 50.Kg3 bxc5 51.Rd5 Rb8 52.Rxc5 R2xb3 53.Rxb3 
Rxb3+ 54.Kf4 Rb4 55.Kf5 Rxa4 56.Kf6 1-0

[Event "zonal 1.7a"]
[Site "Vilnius LTU"]
[Date "1993.??.??"]
[Round "?"]
[White "Zuravlovs, Valerijs"]
[Black "Rotsagov, Mihhail"]
[Result "1/2-1/2"]
[WhiteElo "2485"]
[BlackElo "2430"]
[EventDate "1993.03.??"]
[PlyCount "38"]

1.e4 c5 2.Nf3 d6 3.d4 Nf6 4.dxc5 Qa5+ 5.c3 Qxc5 6.Bd3 g6 7.Be3 Qc7 8.Na3 
Nc6 9.Nb5 Qd8 10.h3 Bg7 11.Qd2 O-O 12.Rd1 a6 13.Nbd4 Nxd4 14.cxd4 d5 15.e5
Ne4 16.Qb4 a5 17.Qa4 Bd7 18.Bb5 Bxb5 19.Qxb5 Ra6 1/2-1/2